Dopady reformy správního trestání na protiprávní jednání v oblasti hospodářské soutěže

Dopady reformy správneho trestania na oblasť hospodárskej súťaže a predstavenie najdôležitejších aspektov reformy. Dopady rekodifikácie správneho trestania na konkrétne inštitúty súťažného práva, upozornenie na rozdiely medzi úpravou všeobecnou a špeciálnou a vysvetlenie nejasností, ktoré nová práv...

Ausführliche Beschreibung

Gespeichert in:
Bibliographische Detailangaben
1. Verfasser: Neruda, Robert
Weitere Verfasser: Staňková, Kateřina, Hengalová, Michala
Format: Buchkapitel
Sprache:Tschechisch
Schlagworte:
Tags: Tag hinzufügen
Keine Tags, Fügen Sie das erste Tag hinzu!

MARC

LEADER 00000naa a2200000 4500
001 0242609
005 20180504111629.6
041 0 |a cze 
044 |a CZ 
245 1 0 |a Dopady reformy správního trestání na protiprávní jednání v oblasti hospodářské soutěže  |c Robert Neruda, Kateřina Staňková, Michala Hengalová 
520 |a Dopady reformy správneho trestania na oblasť hospodárskej súťaže a predstavenie najdôležitejších aspektov reformy. Dopady rekodifikácie správneho trestania na konkrétne inštitúty súťažného práva, upozornenie na rozdiely medzi úpravou všeobecnou a špeciálnou a vysvetlenie nejasností, ktoré nová právna úprava správneho trestania do oblasti súťažného práva prináša. 
610 2 0 |a právo súťažné 
610 2 0 |a právo 
610 2 0 |a právo správne 
610 2 0 |a právo trestné 
610 2 0 |a zákony 
610 2 0 |a reformy 
610 2 0 |a reformy hospodárske 
610 2 0 |a súťaž hospodárska 
610 2 0 |a súťaž nekalá 
610 2 0 |a Česko 
100 1 |a Neruda, Robert 
700 1 |a Staňková, Kateřina 
700 1 |a Hengalová, Michala